[Event "Zuerich op-B 32nd"]
[Site "Zuerich"]
[Date "2008.12.29"]
[Round "6"]
[White "Tschanz, Dominik"]
[Black "Ruegg, Peter"]
[Result "1-0"]
[WhiteElo "1665"]
[BlackElo "1596"]
[PlyCount "49"]
[EventDate "2008.12.26"]
[EventType "swiss"]
[EventRounds "7"]
[EventCountry "SUI"]
[SourceTitle "CBM 127 Extra"]
[Source "ChessBase"]
[SourceDate "2009.01.08"]
[SourceVersion "2"]
[SourceVersionDate "2009.01.28"]
[SourceQuality "1"]

1. e4 e6 2. d4 d5 3. Nc3 Nf6 4. Bg5 Be7 5. e5 Nfd7 6. Bxe7 Qxe7 7. Qh5 0-0 8. f4 Nb6 9. Bd3 g6 10. Qh6 f5 11. Nf3 a6 12. 0-0 c5 13. dxc5 Qxc5+ 14. Kh1 Nc6 15. Nh4 Qe7 16. Rg1 Qg7 17. Qxg7+ Kxg7 18. g4 fxg4 19. Rxg4 Ne7 20. Rag1 Kf7 21. Nf3 Ke8 22. Ne2 Nf5 23. Bxf5 exf5 24. Rh4 Rh8 25. Rxg6 1-0